000 00738nam a2200265 a 4500
003 AR-BaBNM
005 20251128204736.0
008 082120s2002 ||||||||||||||000 | spa||
020 _a84-281-0323-2
040 _cAR-BaBNM
100 1 _aFoulquié, Paul
245 0 0 _aDiccionario de pedagogía
260 _aBarcelona
_bOikos-tau
_c[ca. 1970]
300 _a464 p.
490 0 _aTratado de ciencias pedagógicas
_vv. 11
500 _aTraducido por J. García-Bosch y D. De Bas
504 _aBibliografía: p. 457-464
650 4 _aDICCIONARIOS
650 4 _aTERMINOLOGIA EDUCACIONAL
650 4 _aPEDAGOGIA
800 1 _aDebesse, Maurice
_edirector
800 1 _aMialaret, Gastón
_edirector
942 _cBK
998 _cGrace
999 _c8642
_d8642